A general introduction to psychoanalysis = Vorlesungen zur einfürung in die psychoanalyse

Freud describes with a starting frankness the methods and results of psychoanalysis and also its difficulties and limitations - as only a master and originator of a new school of thought could do. Taday Freud is generally recognized as one of the two or three great creative minds of the century.

保存先:
書誌詳細
第一著者: Freud, Sigmund
フォーマット: 図書
言語:Undetermined
出版事項: New York Washington Square Press 1960
主題:
タグ: タグ追加
タグなし, このレコードへの初めてのタグを付けませんか!
Thư viện lưu trữ: Trung tâm Học liệu Trường Đại học Cần Thơ
LEADER 00909nam a2200205Ia 4500
001 CTU_43056
008 210402s9999 xx 000 0 und d
082 |a 150.1952 
082 |b F889g 
100 |a Freud, Sigmund 
245 2 |a A general introduction to psychoanalysis 
245 0 |b = Vorlesungen zur einfürung in die psychoanalyse 
245 0 |c Sigmund Freud ; translated by Joan Riviere 
260 |a New York 
260 |b Washington Square Press 
260 |c 1960 
520 |a Freud describes with a starting frankness the methods and results of psychoanalysis and also its difficulties and limitations - as only a master and originator of a new school of thought could do. Taday Freud is generally recognized as one of the two or three great creative minds of the century. 
650 |a Psychoanalysis 
904 |i Minh, Huỳnh Mai 
980 |a Trung tâm Học liệu Trường Đại học Cần Thơ